<?xml version="1.0" encoding="UTF-8"?>
<collection xmlns="http://www.loc.gov/MARC21/slim">
 <record>
  <leader>00688pamaa2200217   4500</leader>
  <controlfield tag="001">0000053826</controlfield>
  <controlfield tag="005">20160617090000.0</controlfield>
  <controlfield tag="008">160330c2006     bm</controlfield>
  <datafield tag="020" ind1="0" ind2="0">
   <subfield code="a">9676118095(pbk) </subfield>
  </datafield>
  <datafield tag="082" ind1=" " ind2=" ">
   <subfield code="a">499.28 BAH</subfield>
  </datafield>
  <datafield tag="090" ind1="0" ind2="0">
   <subfield code="a">PL5103 </subfield>
   <subfield code="b">ABD 2006</subfield>
  </datafield>
  <datafield tag="100" ind1="1" ind2=" ">
   <subfield code="a">Abdul Rashid Melebek </subfield>
  </datafield>
  <datafield tag="245" ind1="0" ind2="0">
   <subfield code="a">Sejarah bahasa melayu  </subfield>
   <subfield code="c">Abdul Rashid Melebek, Amat Juhari Moain.</subfield>
  </datafield>
  <datafield tag="260" ind1="0" ind2="0">
   <subfield code="a">Kuala Lumpur: </subfield>
   <subfield code="b">Utusan Publication &amp; Distribution Sdn Bhd, </subfield>
   <subfield code="c">2006.</subfield>
  </datafield>
  <datafield tag="300" ind1=" " ind2=" ">
   <subfield code="a">116p.: </subfield>
   <subfield code="b">illis.; </subfield>
   <subfield code="c">24cm.</subfield>
  </datafield>
  <datafield tag="440" ind1="1" ind2="2">
   <subfield code="a">Siri Pengajian dan Pendidikan Utusan</subfield>
  </datafield>
  <datafield tag="500" ind1=" " ind2=" ">
   <subfield code="a">UMPW</subfield>
  </datafield>
  <datafield tag="504" ind1="0" ind2="0">
   <subfield code="a">Includes bibliographical references</subfield>
  </datafield>
  <datafield tag="650" ind1="0" ind2="0">
   <subfield code="a">Malay language -- </subfield>
   <subfield code="x">Sejarah </subfield>
  </datafield>
  <datafield tag="700" ind1="1" ind2="0">
   <subfield code="a">Amat Juhari Moain </subfield>
  </datafield>
  <datafield tag="901" ind1=" " ind2=" ">
   <subfield code="u">www.mybooks.com.my</subfield>
  </datafield>
 </record>
</collection>
